LEADER 01515oam 2200385Ia 450 001 9910690381003321 005 20230902161638.0 035 $a(CKB)5470000002337480 035 $a(OCoLC)496287106 035 $a(EXLCZ)995470000002337480 100 $a20100108d1995 ua 0 101 0 $aeng 135 $auran||||||||| 181 $ctxt$2rdacontent 182 $cc$2rdamedia 183 $acr$2rdacarrier 200 00$aGuidance for industry$b[electronic resource] $econtent and format of investigational new drug applications (INDs) for phase 1 studies of drugs, including well-characterized, therapeutic, biotechnology-derived products 210 1$a[Rockville, MD] :$cCenter for Drug Evaluation and Research :$cCenter for Biologics Evaluation and Research,$d[1995] 215 $a1 online resource (i, 16 pages) 300 $a"November 1995." 320 $aIncludes bibliographical references (pages 15-16). 517 $aGuidance for industry 606 $aDrugs$xTesting$xGovernment policy$zUnited States 606 $aPharmaceutical biotechnology$xGovernment policy$zUnited States 615 0$aDrugs$xTesting$xGovernment policy 615 0$aPharmaceutical biotechnology$xGovernment policy 712 02$aCenter for Drug Evaluation and Research (U.S.) 712 02$aCenter for Biologics Evaluation and Research (U.S.) 801 0$bGPO 801 1$bGPO 801 2$bGPO 906 $aBOOK 912 $a9910690381003321 996 $aGuidance for industry$93434577 997 $aUNINA LEADER 01798nam0 2200361 i 450 001 URB0451704 005 20251003044433.0 010 $a8814109311 020 $aIT$b2005-10876 100 $a20170104d2004 ||||0itac50 ba 101 | $aita 102 $ait 181 1$6z01$ai $bxxxe 182 1$6z01$an 183 1$6z01$anc$2RDAcarrier 200 1 $aDiritto d'autore e diritti degli artisti interpreti o esecutori$fMario Fabiani$gin appendice: Il testo del D. lgs. 2003/68 su diritto di autore e diritti connessi nella società dell'informazione (Direttiva comunitaria 2001/29/CE) 210 $aMilano$cA. Giuffrè$d2004 215 $aVIII, 301 p.$d24 cm. 225 | $aRaccolta sistematica di giurisprudenza commentata$i. Nuova serie$v54 410 0$1001CFI0042289$12001 $aRaccolta sistematica di giurisprudenza commentata$i. Nuova serie$v54 606 $aDiritti d'autore$2FIR$3CFIC009641$9I 676 $a346.04$9DIRITTO. PROPRIETA'.$v12 676 $a346.450482$9DIRITTI D'AUTORE. ITALIA$v19 676 $a346.450482$9$v21 700 1$aFabiani$b, Mario$f <1926-2015>$3CFIV021892$4070$01073919 801 3$aIT$bIT-000000$c20170104 850 $aIT-BN0095 901 $bNAP 01$cLT $n$ 912 $aURB0451704 950 0$aBiblioteca Centralizzata di Ateneo$d 01LT (C) 23 B 534$e 01C 0800235345 VMA 1 v.$fY $h20120912$i20120912$d 01LT (C) 23 B 535$e 01C 0800235355 VMA (bis 1 v.$fY $h20120912$i20120912$d 01LT (C) 23 B 536$e 01C 0800235365 VMA (ter 1 v.$fB $h20120912$i20120912 977 $a 01 996 $aDiritto d'autore e diritti degli artisti interpreti o esecutori$92570287 997 $aUNISANNIO